000 00299nam a22001217a 4500
082 _a808.831
_bDHI
_cD
245 _aAli baba and the forty thieves
260 _aIndia
_bDhingra
300 _a24 p.
_bill.
_c27 cm
526 _a0
_b0
_c0
_d808_831000000000000_DHI
650 _aD
_96527
942 _2ddc
_cBK
999 _c550159
_d550159